000 00886nam a2200253 a 4500
001 BRCA_3883
005 20190320204448.0
008 271209s1949----mx-#######---#000-0#spa-#
041 _aspa
044 _amx
050 4 _aF1234
_b.D36 1949
100 1 _aDaniels, Josephus
_d1862-1948.
_910104
245 1 0 _aDiplomático en mangas de camisa
_cJosephus Daniels ; prólogo de Francisco Castillo Najera ; versión española de Salvador Duhart M.
260 _aMéxico
_bTalleres Gráficos de la Nación
_c1949
300 _a623 p.
_c24 cm.
500 _aC44
651 4 _aMéxico
_xPolítica y gobierno
_y1910-1946
_99549
651 4 _aMéxico
_xRelaciones exteriores
_zEstados Unidos
_910034
651 4 _aEstados Unidos
_xRelaciones exteriores
_zMéxico
_910035
700 1 _aCastillo Najera, Francisco
_910105
700 1 _aDuhart M., Salvador
_910106
902 _aGFM
942 _2lcc
_cB
999 _c3611
_d3611